[Event "Moscow-ch blitz 67th"]
[Site "Moscow"]
[Date "2013.09.01"]
[Round "5"]
[White "Ulko, Jaroslav"]
[Black "Grischuk, Alexander"]
[Result "0-1"]
[WhiteElo "2443"]
[BlackElo "2785"]
[PlyCount "243"]
[EventDate "2013.09.01"]
[EventType "tourn (blitz)"]
[EventRounds "19"]
[EventCountry "RUS"]
[EventCategory "15"]
[SourceTitle "CBM 156 Extra"]
[Source "ChessBase"]
[SourceDate "2013.10.22"]
[SourceVersion "1"]
[SourceVersionDate "2013.10.22"]
[SourceQuality "1"]

1. d4 Nf6 2. c4 g6 3. Nc3 Bg7 4. e4 d6 5. Nf3 O-O 6. Be2 Nbd7 7. O-O e5 8. Re1
c6 9. Bf1 Re8 10. d5 c5 11. Bg5 Bf8 12. Nd2 Be7 13. Bh6 Nh5 14. Nf3 Ndf6 15. h3
Ng7 16. a3 Kh8 17. b4 b6 18. bxc5 bxc5 19. Rb1 Ng8 20. Bd2 f5 21. Qa4 Nf6 22.
Bd3 Rf8 23. Bh6 Ng8 24. Bd2 Nf6 25. Bh6 Ng8 26. Bd2 f4 27. Qc6 Bd7 28. Qa6 g5
29. Nb5 Qb6 30. Qa5 Rfc8 31. Rb3 h5 32. Reb1 g4 33. hxg4 hxg4 34. Nh2 Nf6 35.
Qxb6 axb6 36. Nc3 Bd8 37. Bc1 Kh7 38. Bxf4 exf4 39. e5+ Kg8 40. exf6 Bxf6 41.
Ne4 Be5 42. Be2 Bf5 43. Bd3 Re8 44. Nf1 Ra4 45. Nfd2 g3 46. fxg3 fxg3 47. Re1
Bd4+ 48. Kf1 Rf8 49. Nf3 Nh5 50. Neg5 Bxd3+ 51. Rxd3 Rxc4 52. Ne6 Rf5 53. Re4
Nf6 54. Rh4 Rc2 55. Rh3 Rf2+ 56. Ke1 Rxg2 57. Nexd4 cxd4 58. Nh4 Re5+ 59. Kd1
Rg1+ 60. Kc2 Ne4 61. Rf3 Rg2+ 62. Kd3 Rg1 63. Ng6 Nc5+ 64. Kxd4 Re4+ 65. Kc3
Rg4 66. Ne7+ Kg7 67. Nf5+ Kf6 68. Nxg3+ Kg6 69. Nf5 Kg5 70. Nxd6 Rc1+ 71. Kb2
Rd1 72. Nf7+ Kg6 73. Ne5+ Kg5 74. Nxg4 Kxg4 75. Rhg3+ Kh4 76. Rh3+ Kg4 77.
Rhg3+ Kh4 78. Rg6 Rxd5 79. Rxb6 Na4+ 80. Kb3 Nxb6 81. Kb4 Kg4 82. Rf6 Nd7 83.
Rf7 Ne5 84. Rf8 Nc6+ 85. Kc4 Ra5 86. Rf6 Ne7 87. Kb4 Ra8 88. Rf7 Nd5+ 89. Kc5
Ra5+ 90. Kc4 Kg5 91. Rf8 Ne7 92. Rf7 Nc6 93. Rc7 Ne5+ 94. Kb4 Ra8 95. a4 Kf6
96. a5 Ke6 97. Kb5 Rb8+ 98. Kc5 Nd3+ 99. Kc4 Kd6 100. Rh7 Ne5+ 101. Kc3 Nc6
102. a6 Kc5 103. Rb7 Ra8 104. a7 Nxa7 105. Rh7 Nb5+ 106. Kd3 Ra3+ 107. Ke4 Nd6+
108. Ke5 Re3+ 109. Kf4 Re4+ 110. Kf3 Re5 111. Kf4 Rf5+ 112. Ke3 Kd5 113. Re7
Nc4+ 114. Kd3 Rf3+ 115. Ke2 Ra3 116. Re8 Kd4 117. Re7 Ra2+ 118. Kf3 Ne5+ 119.
Kg3 Ke4 120. Re8 Ra3+ 121. Kf2 Rb3 122. Ke2 0-1

[Event "Moscow-ch blitz 67th"]
[Site "Moscow"]
[Date "2013.09.01"]
[Round "6"]
[White "Grischuk, Alexander"]
[Black "Popov, Ivan1"]
[Result "0-1"]
[WhiteElo "2785"]
[BlackElo "2656"]
[PlyCount "68"]
[EventDate "2013.09.01"]
[EventType "tourn (blitz)"]
[EventRounds "19"]
[EventCountry "RUS"]
[EventCategory "15"]
[SourceTitle "CBM 156 Extra"]
[Source "ChessBase"]
[SourceDate "2013.10.22"]
[SourceVersion "1"]
[SourceVersionDate "2013.10.22"]
[SourceQuality "1"]

1. Nf3 Nf6 2. c4 g6 3. g3 Bg7 4. Bg2 O-O 5. O-O d6 6. Nc3 Nc6 7. d3 e5 8. b3
Bf5 9. Bb2 Qd7 10. d4 exd4 11. Nxd4 Nxd4 12. Qxd4 Ne4 13. Qe3 Nxc3 14. Bxc3
Rae8 15. Qd2 Bxc3 16. Qxc3 Rxe2 17. Bxb7 c6 18. Qf3 Re4 19. Ba6 Rfe8 20. c5
dxc5 21. Bd3 R4e5 22. Bxf5 Rxf5 23. Qc3 Rd5 24. h4 h5 25. Rfe1 Rxe1+ 26. Qxe1
Rd2 27. Rc1 Qd4 28. Kg2 Kg7 29. Rc4 Qd5+ 30. Kh2 Rd1 31. Qc3+ Kh7 32. f3 Rd3
33. Qe1 Rd2+ 34. Kh3 Qf5+ 0-1

[Event "Moscow-ch blitz 67th"]
[Site "Moscow"]
[Date "2013.09.01"]
[Round "7"]
[White "Mozharov, Mikhail"]
[Black "Grischuk, Alexander"]
[Result "1/2-1/2"]
[WhiteElo "2508"]
[BlackElo "2785"]
[PlyCount "90"]
[EventDate "2013.09.01"]
[EventType "tourn (blitz)"]
[EventRounds "19"]
[EventCountry "RUS"]
[EventCategory "15"]
[SourceTitle "CBM 156 Extra"]
[Source "ChessBase"]
[SourceDate "2013.10.22"]
[SourceVersion "1"]
[SourceVersionDate "2013.10.22"]
[SourceQuality "1"]

1. d4 Nf6 2. c4 g6 3. Nc3 Bg7 4. e4 d6 5. f4 O-O 6. Nf3 c5 7. d5 e6 8. Be2 exd5
9. cxd5 Bg4 10. O-O Nbd7 11. h3 Bxf3 12. Bxf3 a6 13. a4 c4 14. Be3 Qa5 15. Bd4
Rfe8 16. g4 h6 17. Bg2 Rac8 18. Kh1 Nh7 19. Bxg7 Kxg7 20. Qd2 Nc5 21. Rad1 Nd3
22. e5 dxe5 23. d6 Rcd8 24. fxe5 Qxe5 25. b3 b5 26. axb5 axb5 27. bxc4 bxc4 28.
Ne4 Re6 29. Qc2 Nf6 30. Qxc4 Nxe4 31. Qxe4 Qxe4 32. Bxe4 Ne5 33. Bg2 Rexd6 34.
Rxd6 Rxd6 35. Kh2 Rd3 36. Ra1 Rd2 37. Kg3 Rd3+ 38. Kh2 Re3 39. Ra6 Nd3 40. Ra3
f5 41. gxf5 gxf5 42. Bf1 Kf6 43. Bxd3 Kg5 44. Rb3 h5 45. Bc4 Rxb3 1/2-1/2

[Event "Moscow-ch blitz 67th"]
[Site "Moscow"]
[Date "2013.09.01"]
[Round "9"]
[White "Korotylev, Alexey"]
[Black "Grischuk, Alexander"]
[Result "0-1"]
[WhiteElo "2573"]
[BlackElo "2785"]
[PlyCount "130"]
[EventDate "2013.09.01"]
[EventType "tourn (blitz)"]
[EventRounds "19"]
[EventCountry "RUS"]
[EventCategory "15"]
[SourceTitle "CBM 156 Extra"]
[Source "ChessBase"]
[SourceDate "2013.10.22"]
[SourceVersion "1"]
[SourceVersionDate "2013.10.22"]
[SourceQuality "1"]

1. Nf3 Nf6 2. c4 g6 3. Nc3 Bg7 4. e4 d6 5. d4 O-O 6. Be2 e5 7. O-O Nc6 8. d5
Ne7 9. Nd2 Ne8 10. b4 f5 11. c5 Nf6 12. f3 f4 13. Nc4 g5 14. Ba3 Ng6 15. b5 Ne8
16. Bb4 Rf7 17. a4 Bf8 18. c6 b6 19. a5 bxa5 20. Rxa5 h5 21. h3 Rg7 22. Kf2 g4
23. Ke1 Nh4 24. hxg4 Nxg2+ 25. Kd2 hxg4 26. fxg4 Qg5 27. Kc2 Nf6 28. Bf3 Nh4
29. Be2 Bxg4 30. Rg1 Bxe2 31. Nxe2 Qh5 32. Rxg7+ Bxg7 33. Nd2 Ng4 34. Qg1 f3
35. Ng3 Qg6 36. Kb3 f2 37. Qf1 Bh6 38. Qe2 Rf8 39. Ndf1 Nf3 40. Bc3 Be3 41. Nf5
Rxf5 42. exf5 Qxf5 43. Kb2 Bd4 44. Bxd4 Nxd4 45. Qd2 Qf3 46. Ra3 Qxd5 47. Qg5+
Kf7 48. Qxg4 Qxb5+ 49. Ka2 Qc4+ 50. Kb2 Qc2+ 51. Ka1 Qc1+ 52. Ka2 Qc2+ 53. Ka1
Qc1+ 54. Ka2 Qc4+ 55. Kb2 Qb5+ 56. Kc3 Qxf1 57. Qh5+ Kf6 58. Qh6+ Kf5 59. Qh5+
Ke4 60. Qg6+ Kf4 61. Qh6+ Kg4 62. Qg6+ Kf4 63. Qh6+ Ke4 64. Qg6+ Kd5 65. Qf7+
Kc5 0-1

[Event "Moscow-ch blitz 67th"]
[Site "Moscow"]
[Date "2013.09.01"]
[Round "11"]
[White "Najer, Evgeniy"]
[Black "Grischuk, Alexander"]
[Result "1-0"]
[WhiteElo "2626"]
[BlackElo "2785"]
[PlyCount "93"]
[EventDate "2013.09.01"]
[EventType "tourn (blitz)"]
[EventRounds "19"]
[EventCountry "RUS"]
[EventCategory "15"]
[SourceTitle "CBM 156 Extra"]
[Source "ChessBase"]
[SourceDate "2013.10.22"]
[SourceVersion "1"]
[SourceVersionDate "2013.10.22"]
[SourceQuality "1"]

1. e4 c5 2. Nf3 Nc6 3. Bb5 e6 4. O-O Nge7 5. Ba4 a6 6. c4 Ng6 7. d4 cxd4 8.
Nxd4 Qc7 9. Nxc6 dxc6 10. Be3 Bd6 11. g3 b5 12. Bc2 Ne5 13. Nd2 h5 14. c5 Be7
15. h3 Nd7 16. b4 a5 17. a3 e5 18. h4 Nf6 19. f3 Be6 20. Bb3 Bxb3 21. Nxb3 a4
22. Nc1 O-O 23. Nd3 Rad8 24. Qe2 Rfe8 25. Rad1 Nd7 26. f4 exf4 27. Bxf4 Qc8 28.
Qxh5 Nf6 29. Qf3 Rd4 30. Nf2 Rxd1 31. Rxd1 Qe6 32. Kg2 Nd7 33. Qg4 Nf8 34. Qxe6
Nxe6 35. Bd6 Bd8 36. Kf3 Kh7 37. Ng4 f6 38. Ne3 g6 39. Bf4 g5 40. Bd6 Kg6 41.
Nf5 Ng7 42. h5+ Nxh5 43. Rh1 g4+ 44. Ke3 Rg8 45. Rh4 Rh8 46. Rxg4+ Kf7 47. Rh4
1-0

[Event "Moscow-ch blitz 67th"]
[Site "Moscow"]
[Date "2013.09.01"]
[Round "12"]
[White "Grischuk, Alexander"]
[Black "Eliseev, Urii"]
[Result "1-0"]
[WhiteElo "2785"]
[BlackElo "2550"]
[PlyCount "61"]
[EventDate "2013.09.01"]
[EventType "tourn (blitz)"]
[EventRounds "19"]
[EventCountry "RUS"]
[EventCategory "15"]
[SourceTitle "CBM 156 Extra"]
[Source "ChessBase"]
[SourceDate "2013.10.22"]
[SourceVersion "1"]
[SourceVersionDate "2013.10.22"]
[SourceQuality "1"]

1. e4 c5 2. Nf3 Nc6 3. Bb5 d6 4. O-O Bd7 5. Re1 Nf6 6. c3 a6 7. Bf1 Bg4 8. h3
Bxf3 9. Qxf3 g6 10. d3 Bg7 11. Qd1 O-O 12. d4 cxd4 13. cxd4 d5 14. e5 Ne4 15.
Nc3 Rc8 16. Bf4 Nxc3 17. bxc3 Na5 18. Re3 e6 19. Rg3 Rc6 20. a4 Qc7 21. Rc1 Qe7
22. Bg5 Qa3 23. h4 Rfc8 24. Qf3 Nb3 25. Rd1 Na1 26. Rd3 Nc2 27. Qd1 Qxa4 28. h5
Qa2 29. hxg6 hxg6 30. Rh3 Nb4 31. cxb4 1-0

[Event "Moscow-ch blitz 67th"]
[Site "Moscow"]
[Date "2013.09.01"]
[Round "14"]
[White "Grischuk, Alexander"]
[Black "Riazantsev, Alexander"]
[Result "0-1"]
[WhiteElo "2785"]
[BlackElo "2700"]
[PlyCount "104"]
[EventDate "2013.09.01"]
[EventType "tourn (blitz)"]
[EventRounds "19"]
[EventCountry "RUS"]
[EventCategory "15"]
[SourceTitle "CBM 156 Extra"]
[Source "ChessBase"]
[SourceDate "2013.10.22"]
[SourceVersion "1"]
[SourceVersionDate "2013.10.22"]
[SourceQuality "1"]

1. e4 c6 2. Nc3 d5 3. Nf3 Nf6 4. e5 Ne4 5. Ne2 Qb6 6. d4 e6 7. Ng3 c5 8. Bd3
Nxg3 9. hxg3 Nc6 10. c3 cxd4 11. cxd4 Bd7 12. Bb1 Be7 13. O-O Rc8 14. Re1 O-O
15. Bg5 Qxb2 16. Bxe7 Nxe7 17. Bd3 Qa3 18. Re3 Rc3 19. Qb1 h6 20. Qxb7 Rxd3 21.
Rxd3 Qxd3 22. Qxd7 Nf5 23. Qxa7 Qc3 24. Rf1 g6 25. g4 Ng7 26. Qc5 Qb2 27. a4
Qa2 28. a5 Ra8 29. Rc1 Qxa5 30. Qxa5 Rxa5 31. Rc8+ Kh7 32. Rf8 Ra7 33. g3 g5
34. Kg2 Re7 35. Ne1 Ne8 36. f4 Kg7 37. Rxe8 Rxe8 38. f5 f6 39. Nd3 Kf7 40. Kf3
Rc8 41. Ke3 Rc3 42. Kd2 Ra3 43. Nc5 exf5 44. gxf5 Rxg3 45. Ke2 h5 46. Nd7 h4
47. Nxf6 h3 48. Nxd5 h2 49. e6+ Kg8 50. Nf6+ Kf8 51. Nd7+ Ke7 52. d5 h1=Q 0-1

[Event "World Cup ACP"]
[Site "Riga"]
[Date "2013.09.13"]
[Round "1.1"]
[White "Fressinet, Laurent"]
[Black "Grischuk, Alexander"]
[Result "1/2-1/2"]
[WhiteElo "2708"]
[BlackElo "2785"]
[PlyCount "98"]
[EventDate "2013.09.13"]
[EventType "k.o. (rapid)"]
[EventRounds "4"]
[EventCountry "LAT"]
[SourceTitle "CBM 156 Extra"]
[Source "ChessBase"]
[SourceDate "2013.10.22"]
[SourceVersion "1"]
[SourceVersionDate "2013.10.22"]
[SourceQuality "1"]

1. d4 Nf6 2. Nf3 g6 3. g3 Bg7 4. Bg2 O-O 5. c4 c6 6. Nc3 d5 7. cxd5 cxd5 8. Ne5
e6 9. O-O Nfd7 10. Nf3 Nf6 11. Bf4 Nc6 12. Rc1 Bd7 13. Bd6 Re8 14. e3 Rc8 15.
Ne5 Bf8 16. Bxf8 Rxf8 17. f4 Qe7 18. Rf2 Rfd8 19. Rfc2 Ne8 20. Nd3 Nd6 21. Qe2
Be8 22. Bf3 Nc4 23. Qf2 a5 24. g4 Nb4 25. Nxb4 axb4 26. Ne2 Bb5 27. Ng3 Rc6 28.
b3 Na3 29. Rxc6 Bxc6 30. Be2 Nb5 31. Bxb5 Bxb5 32. f5 exf5 33. gxf5 Re8 34. Re1
Qg5 35. Qf3 h5 36. Kf2 h4 37. Ne2 Bxe2 38. Rxe2 Re4 39. fxg6 fxg6 40. Ke1 Kg7
41. Kd1 Qf5 42. Qxf5 gxf5 43. Kd2 f4 44. Rg2+ Kf6 45. exf4 Rxf4 46. Ke3 Re4+
47. Kd3 Rf4 48. Ke3 Re4+ 49. Kd3 Rf4 1/2-1/2

[Event "World Cup ACP"]
[Site "Riga"]
[Date "2013.09.13"]
[Round "1.2"]
[White "Grischuk, Alexander"]
[Black "Fressinet, Laurent"]
[Result "1/2-1/2"]
[WhiteElo "2785"]
[BlackElo "2708"]
[PlyCount "44"]
[EventDate "2013.09.13"]
[EventType "k.o. (rapid)"]
[EventRounds "4"]
[EventCountry "LAT"]
[SourceTitle "CBM 156 Extra"]
[Source "ChessBase"]
[SourceDate "2013.10.22"]
[SourceVersion "1"]
[SourceVersionDate "2013.10.22"]
[SourceQuality "1"]

1. e4 e5 2. Nf3 Nc6 3. Nc3 Nf6 4. Be2 d5 5. exd5 Nxd5 6. O-O Nxc3 7. bxc3 Bd6
8. d4 O-O 9. Re1 Bf5 10. Bd3 Bg4 11. h3 Bxf3 12. Qxf3 exd4 13. cxd4 Nxd4 14.
Qxb7 Rb8 15. Qe4 f5 16. Qd5+ Kh8 17. Kf1 Qf6 18. Be3 Ne6 19. Rad1 Rbd8 20. Bd2
Nc5 21. Qf3 h6 22. g3 Nxd3 1/2-1/2

[Event "World Cup ACP"]
[Site "Riga"]
[Date "2013.09.13"]
[Round "1.4"]
[White "Grischuk, Alexander"]
[Black "Fressinet, Laurent"]
[Result "1-0"]
[WhiteElo "2785"]
[BlackElo "2708"]
[PlyCount "70"]
[EventDate "2013.09.13"]
[EventType "k.o. (rapid)"]
[EventRounds "4"]
[EventCountry "LAT"]
[SourceTitle "CBM 156 Extra"]
[Source "ChessBase"]
[SourceDate "2013.10.22"]
[SourceVersion "1"]
[SourceVersionDate "2013.10.22"]
[SourceQuality "1"]

1. e4 d5 2. exd5 Qxd5 3. Nc3 Qa5 4. Nf3 Nf6 5. g3 Nc6 6. Bg2 Bg4 7. h3 Bh5 8.
O-O O-O-O 9. b4 Qf5 10. g4 Nxg4 11. hxg4 Bxg4 12. Qe2 Qh5 13. Qe4 e6 14. b5 Bf5
15. Qh4 Qxh4 16. Nxh4 Nd4 17. Nxf5 exf5 18. Bb2 Nxc2 19. Rad1 Bc5 20. Nd5 Nd4
21. Bxd4 Bxd4 22. Ne7+ Kb8 23. Nxf5 Bb6 24. Rfe1 g6 25. Ne3 Rd4 26. d3 Rhd8 27.
Nc4 Bc5 28. a4 Bb4 29. Re4 R4d5 30. Bf3 Rf5 31. Kg2 Bc5 32. d4 Bb4 33. Ne3 Rf6
34. Ng4 Rfd6 35. Ne5 f5 1-0

[Event "World Cup ACP"]
[Site "Riga"]
[Date "2013.09.14"]
[Round "2.1"]
[White "Grischuk, Alexander"]
[Black "Wojtaszek, Radoslaw"]
[Result "1-0"]
[WhiteElo "2785"]
[BlackElo "2701"]
[PlyCount "121"]
[EventDate "2013.09.13"]
[EventType "k.o. (rapid)"]
[EventRounds "4"]
[EventCountry "LAT"]
[SourceTitle "CBM 156 Extra"]
[Source "ChessBase"]
[SourceDate "2013.10.22"]
[SourceVersion "1"]
[SourceVersionDate "2013.10.22"]
[SourceQuality "1"]

1. e4 c5 2. Nf3 d6 3. d4 cxd4 4. Nxd4 Nf6 5. Nc3 a6 6. h3 e5 7. Nb3 Be6 8. f4
b5 9. f5 Bc8 10. Bg5 Bb7 11. Qf3 Nbd7 12. O-O-O Be7 13. Kb1 Rc8 14. Bxf6 Nxf6
15. Nd5 Bxd5 16. exd5 h5 17. g3 h4 18. g4 Nh7 19. Nd2 Ng5 20. Qg2 Qb6 21. Bd3
Bf6 22. Rhe1 Ke7 23. Ne4 Nxe4 24. Rxe4 Bg5 25. c3 Rc5 26. Bc2 Rhc8 27. a3 Rc4
28. Bd3 Rxe4 29. Qxe4 Qe3 30. Qxe3 Bxe3 31. Re1 Bf4 32. Kc2 Kf6 33. Re4 Rc5 34.
b4 Rc7 35. Kb3 Kg5 36. c4 bxc4+ 37. Bxc4 Ra7 38. Bd3 a5 39. b5 Bg3 40. Rc4 Bf2
41. Rc6 Bc5 42. Ka4 Kf4 43. b6 Rb7 44. Kxa5 e4 45. Bxe4 Kxe4 46. Ka6 Rb8 47. b7
Kxd5 48. Rc8 Rxb7 49. Kxb7 Bxa3 50. Rf8 f6 51. Rg8 Ke4 52. Kc6 Kf4 53. Rxg7 Kg3
54. g5 fxg5 55. f6 d5 56. Rxg5+ Kxh3 57. Kxd5 Kh2 58. Ke4 h3 59. Kf3 Kh1 60.
Kg3 h2 61. Rd5 1-0

[Event "World Cup ACP"]
[Site "Riga"]
[Date "2013.09.14"]
[Round "2.2"]
[White "Wojtaszek, Radoslaw"]
[Black "Grischuk, Alexander"]
[Result "0-1"]
[WhiteElo "2701"]
[BlackElo "2785"]
[PlyCount "68"]
[EventDate "2013.09.13"]
[EventType "k.o. (rapid)"]
[EventRounds "4"]
[EventCountry "LAT"]
[SourceTitle "CBM 156 Extra"]
[Source "ChessBase"]
[SourceDate "2013.10.22"]
[SourceVersion "1"]
[SourceVersionDate "2013.10.22"]
[SourceQuality "1"]

1. d4 Nf6 2. c4 g6 3. Nc3 d5 4. Nf3 Bg7 5. Qb3 dxc4 6. Qxc4 O-O 7. e4 a6 8. Be2
b5 9. Qb3 c5 10. dxc5 Be6 11. Qc2 Nbd7 12. O-O Nxc5 13. Rd1 Qc8 14. Nd4 b4 15.
Na4 Ncxe4 16. Qxc8 Raxc8 17. Nxe6 fxe6 18. f3 Nd6 19. Be3 Nd5 20. Bf2 Rc6 21.
Rac1 Rfc8 22. Rxc6 Rxc6 23. Nc5 Bxb2 24. Bxa6 b3 25. axb3 Ba3 26. Nxe6 Nc3 27.
Rd3 Ne2+ 28. Kf1 Nc1 29. Rxd6 Rxd6 30. Bc4 Rd1+ 31. Be1 Bb4 32. Nd4+ Kg7 33.
Nc2 Bxe1 34. Nxe1 Rd2 0-1

[Event "World Cup ACP"]
[Site "Riga"]
[Date "2013.09.15"]
[Round "3.1"]
[White "Svidler, Peter"]
[Black "Grischuk, Alexander"]
[Result "0-1"]
[WhiteElo "2746"]
[BlackElo "2785"]
[Annotator "Ramirez Alvarez,A"]
[PlyCount "106"]
[EventDate "2013.09.13"]
[EventType "k.o. (rapid)"]
[EventRounds "4"]
[EventCountry "LAT"]
[SourceTitle "CBM 156 Extra"]
[Source "ChessBase"]
[SourceDate "2013.10.22"]
[SourceVersion "1"]
[SourceVersionDate "2013.10.22"]
[SourceQuality "1"]

1. e4 c5 2. Nf3 Nc6 3. Bb5 e6 4. O-O Nge7 5. Re1 Nd4 {This sortie is normal in
these kinds of positions: The knight on e7 can now move without allowing the
bishop on b5 to take on c6 and double Black's pawns, while the pawn on d4 will
be a burden for White's development.} 6. Nxd4 cxd4 7. d3 a6 8. Ba4 b5 9. Bb3
Nc6 10. Nd2 Bb7 11. h3 Rc8 12. a4 Bb4 13. Qg4 Qf6 14. axb5 axb5 15. Qh5 {
Black simply cannot complain about the position he obtained from the opening.}
Qe5 16. Qh4 Qf6 17. Qh5 Qe5 18. Qh4 Qc5 $1 {Fighting spirit. Despite being
black in the first game, Grischuk senses that his position is good enough to
attempt a win and he isn't shy about going for it.} (18... Qf6 $11) 19. Qg3 O-O
20. e5 $6 {The pawn becomes too weak.} (20. Rf1 {trying to mobilize the knight
on d2.. .} Kh8 21. Nf3 f6 {and maybe White is worse but it is not serious.})
20... Kh8 $2 (20... Ra8 {was safer and better.}) 21. Ne4 $1 {If the pawn is
weak, just give it away.} Qxe5 22. Bf4 Qh5 23. c3 Be7 24. Nd6 Bxd6 25. Bxd6 {
White's compensation is sufficent, but despite his strong darsksquare control
he cannot do anything as Black's structure is extremely solid.} Rfe8 26. c4
bxc4 27. Bxc4 Ne7 28. Qg4 {Even though Black has more material he faces some
problems in any endgame as d4 is hard to defend, the b-pawn is passed and
White's bishops are rather poewrful.} Qg6 {Grischuk at elast tries to improve
his structure if the queens will be traded off.} 29. Ra7 Bc6 30. b4 Nf5 31. Bh2
Ra8 32. Qxg6 hxg6 33. Rea1 d5 34. Rxa8 Bxa8 35. Bb5 Rc8 36. Bd7 Rd8 37. Ra7 f6
38. g4 $6 (38. Bxe6 $16 {was simple and good. After this White's advantage is
clear.}) 38... Nh4 39. Bd6 $6 Bc6 $1 {An important resource. The knight will
get back in time to defend against the pawn advancing and Black gets rid of
his bad bishop.} 40. Bxc6 Rxd6 41. b5 Nf3+ 42. Kg2 $2 (42. Kf1 Ne5 43. f4 Nxd3
44. Rc7 $1 {Would still give Black problems in figuring out how to defend
against b7.}) 42... Ne1+ 43. Kf1 Nxd3 44. Rd7 Rxd7 45. Bxd7 Nc5 46. Bc8 Kg8 47.
b6 Kf7 48. b7 Na6 $1 (48... Nxb7 49. Bxb7 {is senseless, the pawn on b7 will
not survive long.}) 49. f4 g5 50. f5 e5 51. Be6+ Ke7 52. Bxd5 Kd6 53. Bc4 Nb8 {
Black will attack c7, maneouver his knight to c5 and take White's last hope. A
fabulous game!} 0-1

[Event "World Cup ACP"]
[Site "Riga"]
[Date "2013.09.15"]
[Round "3.2"]
[White "Grischuk, Alexander"]
[Black "Svidler, Peter"]
[Result "1/2-1/2"]
[WhiteElo "2785"]
[BlackElo "2746"]
[PlyCount "68"]
[EventDate "2013.09.13"]
[EventType "k.o. (rapid)"]
[EventRounds "4"]
[EventCountry "LAT"]
[SourceTitle "CBM 156 Extra"]
[Source "ChessBase"]
[SourceDate "2013.10.22"]
[SourceVersion "1"]
[SourceVersionDate "2013.10.22"]
[SourceQuality "1"]

1. d4 f5 2. Nc3 Nf6 3. Bg5 d5 4. Bxf6 exf6 5. e3 c6 6. Bd3 Be6 7. Qf3 g6 8.
Nge2 Nd7 9. O-O-O Qc7 10. h3 O-O-O 11. g4 fxg4 12. hxg4 Be7 13. Nf4 Bf7 14. Rh6
Nf8 15. Rdh1 Kb8 16. Nce2 Bd6 17. Kb1 Rg8 18. Rc1 b5 19. c3 Rg7 20. e4 dxe4 21.
Bxe4 Ne6 22. Nxe6 Bxe6 23. d5 cxd5 24. Bxd5 Bxd5 25. Qxd5 Bc5 26. Qf3 Qe5 27.
Nf4 Rgd7 28. Rhh1 Bxf2 29. Nxg6 Qe3 30. Nh4 Qxf3 31. Nxf3 Rg8 32. Rcf1 Bg3 33.
Nd4 Be5 34. Nc6+ Kb7 1/2-1/2

[Event "World Cup ACP"]
[Site "Riga"]
[Date "2013.09.15"]
[Round "4.1"]
[White "Grischuk, Alexander"]
[Black "Nepomniachtchi, Ian"]
[Result "1/2-1/2"]
[WhiteElo "2785"]
[BlackElo "2717"]
[PlyCount "104"]
[EventDate "2013.09.13"]
[EventType "k.o. (rapid)"]
[EventRounds "4"]
[EventCountry "LAT"]
[SourceTitle "CBM 156 Extra"]
[Source "ChessBase"]
[SourceDate "2013.10.22"]
[SourceVersion "1"]
[SourceVersionDate "2013.10.22"]
[SourceQuality "1"]

1. e4 c5 2. Nf3 d6 3. d4 cxd4 4. Nxd4 Nf6 5. Nc3 a6 6. Bd3 e5 7. Nf5 Bxf5 8.
exf5 d5 9. Bg5 Bb4 10. O-O Nc6 11. Bxf6 gxf6 12. Qg4 Qa5 13. Nd1 Bd2 14. c3 h5
15. Qe2 Bg5 16. b4 Qc7 17. b5 axb5 18. Bxb5 Kf8 19. Ne3 Ne7 20. c4 Bxe3 21.
fxe3 Qc5 22. a4 Rd8 23. Rad1 Kg7 24. Kh1 dxc4 25. Rxd8 Rxd8 26. Bxc4 Qb4 27.
Bd3 Qxa4 28. h3 Nd5 29. Qf3 Nc3 30. e4 b5 31. Kh2 Kf8 32. Re1 h4 33. Bf1 b4 34.
Bc4 Rd4 35. Bxf7 Kxf7 36. Qh5+ Ke7 37. Qh7+ Kd6 38. Qxh4 Kc5 39. Qxf6 Qe8 40.
Qg7 Rd7 41. Qg3 Qe7 42. Qf2+ Kc4 43. f6 Qe6 44. Qf1+ Kc5 45. Qf2+ Kc4 46. Qf1+
Kb3 47. Re3 Rf7 48. Rf3 Qc4 49. Qd1+ Ka3 50. Qa1+ Kb3 51. Qd1+ Ka3 52. Qa1+ Kb3
1/2-1/2

[Event "World Cup ACP"]
[Site "Riga"]
[Date "2013.09.15"]
[Round "4.2"]
[White "Nepomniachtchi, Ian"]
[Black "Grischuk, Alexander"]
[Result "1/2-1/2"]
[WhiteElo "2717"]
[BlackElo "2785"]
[PlyCount "69"]
[EventDate "2013.09.13"]
[EventType "k.o. (rapid)"]
[EventRounds "4"]
[EventCountry "LAT"]
[SourceTitle "CBM 156 Extra"]
[Source "ChessBase"]
[SourceDate "2013.10.22"]
[SourceVersion "1"]
[SourceVersionDate "2013.10.22"]
[SourceQuality "1"]

1. d4 Nf6 2. c4 g6 3. Nc3 Bg7 4. e4 d6 5. Nf3 O-O 6. h3 e5 7. d5 a5 8. g4 Na6
9. Be3 Nd7 10. Be2 Ndc5 11. a3 a4 12. Nd2 f5 13. exf5 gxf5 14. Qc2 Qh4 15. Nf3
Qe7 16. O-O-O Nb3+ 17. Kb1 e4 18. Bg5 Bf6 19. Bxf6 Qxf6 20. Nd2 Nac5 21. gxf5
Nxd2+ 22. Qxd2 Bxf5 23. Ka2 Bg6 24. h4 Qf4 25. h5 Qxd2 26. Rxd2 Bf5 27. Bd1
Rfe8 28. Bc2 Kf7 29. Re2 Re5 30. f3 Rae8 31. fxe4 Bxe4 32. Rf2+ Ke7 33. Nxe4
Nxe4 34. Rf4 Ng3 35. Rh3 1/2-1/2

[Event "World Cup ACP"]
[Site "Riga"]
[Date "2013.09.15"]
[Round "4.3"]
[White "Grischuk, Alexander"]
[Black "Nepomniachtchi, Ian"]
[Result "1-0"]
[WhiteElo "2785"]
[BlackElo "2717"]
[PlyCount "109"]
[EventDate "2013.09.13"]
[EventType "k.o. (rapid)"]
[EventRounds "4"]
[EventCountry "LAT"]
[SourceTitle "CBM 156 Extra"]
[Source "ChessBase"]
[SourceDate "2013.10.22"]
[SourceVersion "1"]
[SourceVersionDate "2013.10.22"]
[SourceQuality "1"]

1. d4 Nf6 2. c4 g6 3. Nf3 Bg7 4. e3 O-O 5. Be2 d5 6. cxd5 Nxd5 7. O-O Nb6 8. e4
Bg4 9. Nbd2 e6 10. h3 Bxf3 11. Nxf3 Nc6 12. Be3 Qe7 13. Qb3 Rad8 14. Rfd1 a6
15. Rac1 Qe8 16. Bf1 h6 17. d5 exd5 18. exd5 Ne5 19. Bc5 Nxf3+ 20. Qxf3 Bxb2
21. Rb1 Bg7 22. Bxf8 Bxf8 23. d6 Bxd6 24. Qxb7 a5 25. Qf3 Qe6 26. Qe2 Qf6 27.
Rbc1 a4 28. g3 h5 29. h4 Kf8 30. Rd3 Re8 31. Re3 Rxe3 32. Qxe3 Kg7 33. Rd1 Be5
34. Kg2 Qc6+ 35. Qf3 Qc2 36. Re1 Qb2 37. Re2 Qa1 38. Qe4 Bf6 39. Qc2 Be5 40.
Re4 Bd6 41. Bc4 a3 42. Bb3 Qb2 43. Qd3 Nd7 44. Re2 Qf6 45. Qf3 Nc5 46. Qxf6+
Kxf6 47. Bc4 Na4 48. Re3 Nb6 49. Rf3+ Ke5 50. Bxf7 c5 51. Rxa3 Kf6 52. Rf3+ Kg7
53. Be6 c4 54. Rf7+ Kh6 55. Rb7 1-0